000 00244nam a2200097Ia 4500
001 759120
005 20250826164910.0
008 250824s9999 xx 000 0 und d
245 0 _aRABBİN İÇİN SABRET
_cUĞUR KOŞAR
260 _bDESTEK YAYINLARI
999 _c759120
_d759120